| 000 | 00774nam a2200265Ia 4500 | ||
|---|---|---|---|
| 003 | OSt | ||
| 005 | 20220924115001.0 | ||
| 006 | a|||||r|||| 00| 0 | ||
| 007 | ta | ||
| 008 | 220923b |||||||| |||| 00| 0 ben d | ||
| 020 | _a8172931573 (hbk) | ||
| 020 | _c40 | ||
| 024 | _a265760 | ||
| 037 |
_bM/2009/40, 03/08/2009, Mukta Dhara _cTextual |
||
| 040 |
_aARTS _cARTS _bben |
||
| 041 |
_2ben _aben |
||
| 082 | _aO157,3N361,TI, P3 | ||
| 100 |
_aMukhapadhyay Sirshendu _9176349 |
||
| 245 | 0 | _aTithi | |
| 260 |
_aCalcutta _bMitra and Ghosh India _c2003 |
||
| 300 |
_a80p. _ccm. |
||
| 650 | _aBENGALI LITERATURE | ||
| 942 |
_hO157,3N361,TI, P3 _cTEXL _2CC |
||
| 999 |
_c396269 _d396269 |
||